000
00309nam a22001337a 4500
020
_a
97881265110
082
_a
621.381
100
_a
Smith, Ralph J.
245
_a
CIRCUITS DEVICES AND SYSTEMS
260
_a
New Delhi:
_b
John Wiley;
_c
2010.
300
_a
868p. ;
_b
26 cm.
500
_a
Paperback.
942
_c
BK
999
_c
32601
_d
32601